000
00282nam a22001337a 4500
008
170225b xxu||||| |||| 00| 0 eng d
020
_a
55758
041
_a
eng
080
_a
61
100
_a
5
101
_a
SHK
245
_a
PRINCIPLES OF SURGERY
_c
SCHWARTZ, S.I
942
_2
udc
_c
BK
999
_c
6252
_d
6252